[Event "FIDE World Youth U16 Chess Olympiad SLOVAKIA 2016"]
[Site "Poprad Tatry SLOVAKIA"]
[Date "2016.07.25"]
[Round "5"]
[Board "1"]
[White "Ihnat, Marek"]
[Black "Bjerre, Jonas"]
[Result "0-1"]
[WhiteElo "1827"]
[BlackElo "2396"]
[PlyCount "0"]
[EventDate "2016.07.22"]
[EventType "team"]
[EventRounds "9"]
[EventCountry "SVK"]
[WhiteTeam "Slovakia KSZ"]
[BlackTeam "Denmark"]

1. e4 {[%clk 1:30:57]} c5 {[%clk 1:30:50]} 2. Nf3 {[%clk 1:31:22]} e6
{[%clk 1:31:13]} 3. d4 {[%clk 1:31:47]} cxd4 {[%clk 1:31:37]} 4. Nxd4
{[%clk 1:32:13]} Nc6 {[%clk 1:31:58]} 5. Nc3 {[%clk 1:32:23]} Qc7
{[%clk 1:32:19]} 6. Be3 {[%clk 1:32:28]} a6 {[%clk 1:32:39]} 7. Qd2
{[%clk 1:32:41]} Nf6 {[%clk 1:32:59]} 8. O-O-O {[%clk 1:32:26]} Be7
{[%clk 1:33:13]} 9. f3 {[%clk 1:32:05]} O-O {[%clk 1:33:07]} 10. g4
{[%clk 1:31:43]} b5 {[%clk 1:33:17]} 11. g5 {[%clk 1:29:59]} Nh5 {[%clk 1:33:36]}
12. Kb1 {[%clk 1:29:02]} Rd8 {[%clk 1:33:01]} 13. Qf2 {[%clk 1:27:12]} Rb8
{[%clk 1:30:45]} 14. Nb3 {[%clk 1:21:29]} Ne5 {[%clk 1:26:43]} 15. Rg1
{[%clk 1:03:41]} Nc4 {[%clk 1:24:34]} 16. Bxc4 {[%clk 0:50:35]} bxc4
{[%clk 1:24:43]} 17. Nc5 {[%clk 0:49:01]} d6 {[%clk 1:08:29]} 18. N5a4
{[%clk 0:48:30]} Qc6 {[%clk 1:06:59]} 19. f4 {[%clk 0:40:11]} Bd7
{[%clk 1:03:44]} 20. Bd4 {[%clk 0:27:12]} Rb4 {[%clk 1:01:56]} 21. Nb6
{[%clk 0:21:29]} Rb8 {[%clk 1:01:59]} 22. f5 {[%clk 0:11:56]} R4xb6
{[%clk 0:59:47]} 23. Bxb6 {[%clk 0:11:43]} Qxb6 {[%clk 1:00:08]} 24. Qxb6
{[%clk 0:11:36]} Rxb6 {[%clk 1:00:35]} 25. fxe6 {[%clk 0:09:10]} fxe6
{[%clk 0:59:34]} 26. Rd4 {[%clk 0:06:27]} Rc6 {[%clk 0:58:46]} 27. Ne2
{[%clk 0:04:26]} e5 {[%clk 0:56:32]} 28. Rdd1 {[%clk 0:04:37]} Kf7
{[%clk 0:56:43]} 29. Ng3 {[%clk 0:03:05]} Nxg3 {[%clk 0:56:50]} 30. Rxg3
{[%clk 0:03:22]} Rc5 {[%clk 0:56:41]} 31. c3 {[%clk 0:02:05]} Ke6
{[%clk 0:56:59]} 32. Kc2 {[%clk 0:00:57]} Be8 {[%clk 0:57:16]} 33. h4
{[%clk 0:00:47]} Bg6 {[%clk 0:57:43]} 34. Re3 {[%clk 0:00:59]} d5
{[%clk 0:57:59]} 35. Kc1 {[%clk 0:00:32]} Bxe4 {[%clk 0:58:14]} 36. Rf1
{[%clk 0:00:32]} Rc8 {[%clk 0:58:16]} 37. Kd1 {[%clk 0:00:33]} Rb8
{[%clk 0:58:26]} 38. Rf2 {[%clk 0:00:36]} Bc5 {[%clk 0:58:45]} 0-1

[Event "FIDE World Youth U16 Chess Olympiad SLOVAKIA 2016"]
[Site "Poprad Tatry SLOVAKIA"]
[Date "2016.07.25"]
[Round "5"]
[Board "2"]
[White "Olsen, Filip Boe"]
[Black "Ondo, Tomas"]
[Result "1-0"]
[WhiteElo "2263"]
[BlackElo "1795"]
[PlyCount "0"]
[EventDate "2016.07.22"]
[EventType "team"]
[EventRounds "9"]
[EventCountry "SVK"]
[WhiteTeam "Denmark"]
[BlackTeam "Slovakia KSZ"]

1. d4 {[%clk 1:30:56]} Nf6 {[%clk 1:30:51]} 2. c4 {[%clk 1:31:14]} g6
{[%clk 1:31:13]} 3. Nc3 {[%clk 1:31:38]} d5 {[%clk 1:31:30]} 4. Bf4
{[%clk 1:31:55]} Bg7 {[%clk 1:31:35]} 5. e3 {[%clk 1:32:16]} O-O {[%clk 1:31:53]}
6. Rc1 {[%clk 1:32:41]} c6 {[%clk 1:21:53]} 7. Nf3 {[%clk 1:32:57]} Nh5
{[%clk 1:12:34]} 8. Bg5 {[%clk 1:31:42]} Nf6 {[%clk 1:06:02]} 9. Qb3
{[%clk 1:29:36]} e6 {[%clk 1:03:03]} 10. h3 {[%clk 1:28:28]} Nbd7
{[%clk 0:59:06]} 11. Bd3 {[%clk 1:24:57]} Qb6 {[%clk 0:53:45]} 12. c5
{[%clk 1:21:43]} Qxb3 {[%clk 0:47:38]} 13. axb3 {[%clk 1:22:09]} b6
{[%clk 0:45:12]} 14. b4 {[%clk 1:18:12]} Re8 {[%clk 0:37:51]} 15. b5
{[%clk 1:13:51]} Bb7 {[%clk 0:31:12]} 16. b4 {[%clk 1:12:16]} bxc5
{[%clk 0:24:15]} 17. dxc5 {[%clk 1:09:40]} a6 {[%clk 0:19:01]} 18. bxc6
{[%clk 1:07:21]} Bxc6 {[%clk 0:18:49]} 19. Nd4 {[%clk 1:06:01]} Rec8
{[%clk 0:17:14]} 20. O-O {[%clk 1:03:01]} Ne5 {[%clk 0:11:18]} 21. Be2
{[%clk 0:59:23]} Bd7 {[%clk 0:09:44]} 22. Bf4 {[%clk 0:52:03]} Nc6
{[%clk 0:08:55]} 23. Nxc6 {[%clk 0:51:46]} Bxc6 {[%clk 0:08:29]} 24. b5
{[%clk 0:45:26]} Bxb5 {[%clk 0:06:33]} 25. Nxb5 {[%clk 0:43:55]} axb5
{[%clk 0:06:48]} 26. c6 {[%clk 0:44:04]} Ne4 {[%clk 0:03:44]} 27. c7
{[%clk 0:43:05]} Nd2 {[%clk 0:03:13]} 28. Rfd1 {[%clk 0:42:59]} Nc4
{[%clk 0:03:36]} 29. Bxc4 {[%clk 0:42:20]} bxc4 {[%clk 0:03:41]} 30. e4
{[%clk 0:41:22]} e5 {[%clk 0:01:27]} 31. Bg3 {[%clk 0:41:38]} d4 {[%clk 0:01:15]}
32. Rxc4 {[%clk 0:41:57]} Ra7 {[%clk 0:01:25]} 33. Rb1 {[%clk 0:39:13]} Raxc7
{[%clk 0:01:19]} 34. Rxc7 {[%clk 0:39:42]} Rxc7 {[%clk 0:01:42]} 35. Rb8+
{[%clk 0:40:03]} Bf8 {[%clk 0:02:09]} 36. Bxe5 {[%clk 0:40:25]} Rd7
{[%clk 0:02:33]} 37. Kf1 {[%clk 0:40:09]} f5 {[%clk 0:01:23]} 38. exf5
{[%clk 0:40:02]} gxf5 {[%clk 0:01:50]} 39. Ke2 {[%clk 0:38:59]} Kf7
{[%clk 0:01:31]} 40. Kd3 {[%clk 0:39:12]} Bg7 {[%clk 0:01:09]} 41. Bxg7
{[%clk 0:39:08]} Kxg7 {[%clk 0:01:33]} 42. Rb4 {[%clk 0:39:26]} Ra7
{[%clk 0:00:54]} 43. Kxd4 {[%clk 0:39:14]} Ra2 {[%clk 0:01:06]} 44. Ke3
{[%clk 0:39:24]} Kg6 {[%clk 0:01:25]} 45. g3 {[%clk 0:39:12]} Ra5
{[%clk 0:00:59]} 46. Kf4 {[%clk 0:38:21]} Rc5 {[%clk 0:00:46]} 47. Rb6+
{[%clk 0:37:45]} Kg7 {[%clk 0:01:02]} 48. Kg5 {[%clk 0:36:57]} Ra5
{[%clk 0:00:51]} 49. Rb7+ {[%clk 0:37:14]} Kg8 {[%clk 0:00:33]} 50. Kf6
{[%clk 0:37:20]} Ra8 {[%clk 0:00:35]} 51. f4 {[%clk 0:35:27]} Rf8+
{[%clk 0:00:47]} 52. Ke6 {[%clk 0:32:59]} Kh8 {[%clk 0:00:43]} 53. h4
{[%clk 0:31:40]} Rg8 {[%clk 0:00:35]} 54. Kxf5 {[%clk 0:26:40]} Rxg3
{[%clk 0:01:00]} 55. h5 {[%clk 0:27:04]} Rg8 {[%clk 0:00:40]} 56. h6
{[%clk 0:26:55]} Rf8+ {[%clk 0:00:41]} 57. Ke6 {[%clk 0:27:07]} Kg8
{[%clk 0:00:34]} 58. f5 {[%clk 0:27:03]} Re8+ {[%clk 0:00:34]} 59. Re7
{[%clk 0:26:34]} Rf8 60. f6 {[%clk 0:26:43]} Ra8 {[%clk 0:00:46]} 61. Rg7+
{[%clk 0:26:22]} Kh8 {[%clk 0:00:54]} 62. Rd7 {[%clk 0:25:44]} Kg8
{[%clk 0:00:37]} 63. Ke7 {[%clk 0:25:32]} Rf8 {[%clk 0:00:46]} 64. Rd6
{[%clk 0:25:21]} Rf7+ {[%clk 0:00:58]} 65. Ke6 {[%clk 0:24:34]} Rf8
{[%clk 0:01:13]} 66. Rd7 {[%clk 0:24:20]} Ra8 {[%clk 0:01:01]} 67. Ke7
{[%clk 0:24:14]} Rf8 {[%clk 0:01:16]} 68. Rd1 {[%clk 0:24:31]} Ra8
{[%clk 0:00:58]} 69. f7+ {[%clk 0:24:08]} Kh8 {[%clk 0:01:24]} 70. Rf1
{[%clk 0:24:22]} Rf8 {[%clk 0:01:25]} 71. Rf2 {[%clk 0:24:43]} 1-0

[Event "FIDE World Youth U16 Chess Olympiad SLOVAKIA 2016"]
[Site "Poprad Tatry SLOVAKIA"]
[Date "2016.07.25"]
[Round "5"]
[Board "3"]
[White "Petura, Samuel"]
[Black "Kristensen, Bjarke Hautop"]
[Result "0-1"]
[WhiteElo "1632"]
[BlackElo "2124"]
[PlyCount "0"]
[EventDate "2016.07.22"]
[EventType "team"]
[EventRounds "9"]
[EventCountry "SVK"]
[WhiteTeam "Slovakia KSZ"]
[BlackTeam "Denmark"]

1. e4 {[%clk 1:30:57]} g6 {[%clk 1:30:55]} 2. d4 {[%clk 1:31:24]} Bg7
{[%clk 1:31:19]} 3. Nf3 {[%clk 1:31:47]} d6 {[%clk 1:31:46]} 4. Bc4
{[%clk 1:32:00]} a6 {[%clk 1:31:11]} 5. Nc3 {[%clk 1:31:45]} Nf6 {[%clk 1:26:28]}
6. h3 {[%clk 1:29:20]} b5 {[%clk 1:25:57]} 7. Bd3 {[%clk 1:24:37]} O-O
{[%clk 1:18:30]} 8. a3 {[%clk 1:20:41]} Nfd7 {[%clk 1:16:52]} 9. O-O
{[%clk 1:12:36]} c5 {[%clk 1:16:53]} 10. Be3 {[%clk 1:10:28]} Nc6
{[%clk 1:11:52]} 11. Be2 {[%clk 0:59:59]} Bb7 {[%clk 1:05:22]} 12. d5
{[%clk 0:56:48]} Na5 {[%clk 1:03:03]} 13. Qd3 {[%clk 0:51:25]} Nb6
{[%clk 0:41:24]} 14. b4 {[%clk 0:39:24]} Nac4 {[%clk 0:41:09]} 15. bxc5
{[%clk 0:36:27]} Nxe3 {[%clk 0:41:29]} 16. Qxe3 {[%clk 0:34:41]} dxc5
{[%clk 0:38:39]} 17. Rab1 {[%clk 0:32:10]} Qc7 {[%clk 0:37:49]} 18. Rfd1
{[%clk 0:29:21]} Rad8 {[%clk 0:37:07]} 19. Rd2 {[%clk 0:21:37]} Rd7
{[%clk 0:25:50]} 20. Rbd1 {[%clk 0:19:46]} Rfd8 {[%clk 0:26:09]} 21. Nh4
{[%clk 0:08:43]} Qd6 {[%clk 0:21:18]} 22. Nb1 {[%clk 0:04:54]} Bd4
{[%clk 0:11:33]} 23. Qf3 {[%clk 0:03:54]} Qf6 {[%clk 0:11:17]} 24. Qxf6
{[%clk 0:03:57]} Bxf6 {[%clk 0:11:46]} 25. Nf3 {[%clk 0:04:11]} Bg7
{[%clk 0:11:58]} 26. Ne1 {[%clk 0:03:03]} f5 {[%clk 0:07:47]} 27. exf5
{[%clk 0:02:30]} gxf5 {[%clk 0:07:48]} 28. Bd3 {[%clk 0:02:34]} Rxd5
{[%clk 0:05:34]} 29. Nf3 {[%clk 0:02:04]} Bh6 {[%clk 0:04:34]} 30. Re2
{[%clk 0:02:10]} c4 {[%clk 0:04:51]} 31. Rxe7 {[%clk 0:01:49]} cxd3
{[%clk 0:05:17]} 0-1

[Event "FIDE World Youth U16 Chess Olympiad SLOVAKIA 2016"]
[Site "Poprad Tatry SLOVAKIA"]
[Date "2016.07.25"]
[Round "5"]
[Board "4"]
[White "Nilssen, Ellen Fredericia"]
[Black "Hadzala, Juraj"]
[Result "1-0"]
[WhiteElo "1881"]
[BlackElo "1516"]
[PlyCount "0"]
[EventDate "2016.07.22"]
[EventType "team"]
[EventRounds "9"]
[EventCountry "SVK"]
[WhiteTeam "Denmark"]
[BlackTeam "Slovakia KSZ"]

1. d4 {[%clk 1:30:54]} e6 {[%clk 1:30:43]} 2. c4 {[%clk 1:31:14]} b6
{[%clk 1:30:54]} 3. Nc3 {[%clk 1:31:04]} Bb7 {[%clk 1:31:06]} 4. Nf3
{[%clk 1:28:47]} f5 {[%clk 1:30:50]} 5. Qc2 {[%clk 1:24:14]} Nf6 {[%clk 1:28:54]}
6. e3 {[%clk 1:23:03]} Bb4 {[%clk 1:24:26]} 7. a3 {[%clk 1:20:39]} Bxc3+
{[%clk 1:24:10]} 8. Qxc3 {[%clk 1:20:58]} Ne4 {[%clk 1:23:50]} 9. Qc2
{[%clk 1:21:20]} O-O {[%clk 1:23:29]} 10. Bd3 {[%clk 1:21:24]} d6
{[%clk 1:22:06]} 11. b3 {[%clk 1:14:06]} Nd7 {[%clk 1:15:42]} 12. Bb2
{[%clk 1:12:45]} Qe8 {[%clk 0:56:32]} 13. O-O-O {[%clk 1:08:51]} c5
{[%clk 0:51:17]} 14. Rhg1 {[%clk 0:58:18]} Rc8 {[%clk 0:46:12]} 15. g4
{[%clk 0:48:50]} g6 {[%clk 0:34:43]} 16. gxf5 {[%clk 0:47:28]} exf5
{[%clk 0:35:00]} 17. d5 {[%clk 0:47:36]} Ndf6 {[%clk 0:29:38]} 18. Ng5
{[%clk 0:47:09]} a6 {[%clk 0:17:16]} 19. Ne6 {[%clk 0:45:55]} Rf7
{[%clk 0:14:20]} 20. f3 {[%clk 0:46:08]} Bxd5 {[%clk 0:10:40]} 21. cxd5
{[%clk 0:44:36]} Nxd5 {[%clk 0:10:58]} 22. fxe4 {[%clk 0:44:41]} Nxe3
{[%clk 0:11:11]} 23. Qc3 {[%clk 0:45:05]} Ra7 {[%clk 0:07:10]} 24. Qh8+
{[%clk 0:44:39]} Kf7 {[%clk 0:07:25]} 25. Qxh7+ 1-0

[Event "FIDE World Youth U16 Chess Olympiad SLOVAKIA 2016"]
[Site "Poprad Tatry SLOVAKIA"]
[Date "2016.07.25"]
[Round "5"]
[Board "1"]
[White "Nazarova, Anastasia"]
[Black "Ieong, Seak Hin"]
[Result "1/2-1/2"]
[WhiteElo "2032"]
[BlackElo "1726"]
[PlyCount "0"]
[EventDate "2016.07.22"]
[EventType "team"]
[EventRounds "9"]
[EventCountry "SVK"]
[WhiteTeam "Finland"]
[BlackTeam "Macau"]

1. e4 {[%clk 1:30:58]} e5 {[%clk 1:30:54]} 2. Nf3 {[%clk 1:31:24]} Nc6
{[%clk 1:31:21]} 3. Bb5 {[%clk 1:31:39]} a6 {[%clk 1:31:45]} 4. Ba4
{[%clk 1:32:05]} Nf6 {[%clk 1:32:10]} 5. d3 {[%clk 1:32:30]} b5 {[%clk 1:30:49]}
6. Bb3 {[%clk 1:32:55]} Be7 {[%clk 1:30:53]} 7. Nc3 {[%clk 1:32:54]} d6
{[%clk 1:31:04]} 8. a3 {[%clk 1:33:14]} O-O {[%clk 1:28:57]} 9. O-O
{[%clk 1:29:46]} Bg4 {[%clk 1:26:34]} 10. Be3 {[%clk 1:29:58]} h6
{[%clk 1:20:17]} 11. h3 {[%clk 1:29:58]} Be6 {[%clk 1:16:54]} 12. Nd5
{[%clk 1:30:16]} Na5 {[%clk 1:15:01]} 13. Ba2 {[%clk 1:30:08]} Nxd5
{[%clk 1:08:44]} 14. exd5 {[%clk 1:29:57]} Bd7 {[%clk 1:08:52]} 15. b4
{[%clk 1:25:14]} Nb7 {[%clk 1:09:14]} 16. Qe2 {[%clk 1:16:20]} Kh7
{[%clk 0:58:14]} 17. Rae1 {[%clk 1:09:37]} f5 {[%clk 0:57:07]} 18. Bc1
{[%clk 1:06:54]} Bf6 {[%clk 0:55:56]} 19. Nd2 {[%clk 1:02:26]} Qe8
{[%clk 0:51:47]} 20. Bb2 {[%clk 0:55:28]} Qg6 {[%clk 0:51:58]} 21. Kh1
{[%clk 0:50:53]} Rae8 {[%clk 0:50:31]} 22. Bb1 {[%clk 0:47:21]} Bg5
{[%clk 0:34:15]} 23. Nf3 {[%clk 0:35:49]} Nd8 {[%clk 0:24:56]} 24. c4
{[%clk 0:29:44]} Nf7 {[%clk 0:19:52]} 25. c5 {[%clk 0:27:47]} Bd8
{[%clk 0:18:40]} 26. c6 {[%clk 0:20:53]} Bc8 {[%clk 0:19:03]} 27. Nh2
{[%clk 0:16:43]} Bg5 {[%clk 0:16:44]} 28. d4 {[%clk 0:14:32]} e4 {[%clk 0:13:02]}
29. f3 {[%clk 0:14:08]} Bh4 {[%clk 0:13:25]} 30. Rd1 {[%clk 0:14:02]} Ng5
{[%clk 0:05:21]} 31. Qd2 {[%clk 0:09:06]} Kh8 {[%clk 0:04:37]} 32. Bc1
{[%clk 0:06:58]} e3 {[%clk 0:04:45]} 33. Qe2 {[%clk 0:07:03]} Bf2
{[%clk 0:05:04]} 34. Ng4 {[%clk 0:06:23]} Qh5 {[%clk 0:02:32]} 35. Nxf2
{[%clk 0:05:51]} f4 {[%clk 0:02:49]} 36. Bd3 {[%clk 0:03:55]} Nxh3
{[%clk 0:00:45]} 37. Nxh3 {[%clk 0:03:45]} Bxh3 {[%clk 0:00:38]} 38. gxh3
{[%clk 0:04:09]} Qxh3+ {[%clk 0:01:05]} 39. Qh2 {[%clk 0:04:23]} Qxh2+
{[%clk 0:01:22]} 40. Kxh2 {[%clk 0:04:49]} e2 {[%clk 0:01:49]} 41. Bxe2
{[%clk 0:05:07]} Rxe2+ {[%clk 0:02:15]} 42. Kg1 {[%clk 0:05:15]} Rf5
{[%clk 0:02:33]} 43. Rf2 {[%clk 0:05:15]} Re8 {[%clk 0:02:30]} 44. Rg2
{[%clk 0:04:26]} g5 {[%clk 0:02:32]} 45. Kf1 {[%clk 0:04:13]} Rxd5
{[%clk 0:02:25]} 46. Re2 {[%clk 0:03:58]} Rxe2 {[%clk 0:02:52]} 47. Kxe2
{[%clk 0:04:24]} Rf5 {[%clk 0:02:49]} 48. Kd3 {[%clk 0:03:33]} Kg7
{[%clk 0:02:46]} 49. Re1 {[%clk 0:03:18]} Kf7 {[%clk 0:02:27]} 50. Rh1
{[%clk 0:03:02]} Kg6 {[%clk 0:02:18]} 51. Bd2 {[%clk 0:02:12]} d5
{[%clk 0:02:39]} 52. Re1 {[%clk 0:02:30]} Rf6 {[%clk 0:02:42]} 53. Re5
{[%clk 0:01:38]} Rd6 {[%clk 0:03:02]} 54. Re1 {[%clk 0:00:51]} Rxc6
{[%clk 0:02:29]} 55. Bc3 {[%clk 0:00:52]} Kf7 {[%clk 0:02:28]} 56. Kd2
{[%clk 0:01:02]} Re6 {[%clk 0:02:09]} 57. Re5 {[%clk 0:00:48]} c6
{[%clk 0:02:26]} 58. Ke2 {[%clk 0:00:47]} Rg6 {[%clk 0:01:18]} 59. Kf2
{[%clk 0:01:05]} Rg8 {[%clk 0:01:10]} 60. Kg2 {[%clk 0:01:02]} Rg6
{[%clk 0:01:17]} 61. Bd2 {[%clk 0:01:12]} Re6 {[%clk 0:01:07]} 62. Bc3
{[%clk 0:01:15]} Rg6 {[%clk 0:01:30]} 63. Kh3 {[%clk 0:01:10]} h5
{[%clk 0:01:28]} 64. Kg2 {[%clk 0:01:24]} Rg7 {[%clk 0:01:08]} 65. Kf2
{[%clk 0:01:27]} Rg6 {[%clk 0:01:06]} 66. Bd2 {[%clk 0:01:28]} Rg8
{[%clk 0:00:38]} 67. Be1 {[%clk 0:01:27]} Kf6 {[%clk 0:00:41]} 68. Bd2
{[%clk 0:01:33]} Kf7 {[%clk 0:00:55]} 69. Re1 {[%clk 0:01:46]} Re8
{[%clk 0:01:05]} 70. Rg1 {[%clk 0:01:45]} Kf6 {[%clk 0:01:24]} 71. Ra1
{[%clk 0:01:52]} Kf5 {[%clk 0:01:28]} 72. Rh1 {[%clk 0:02:10]} Kg6
{[%clk 0:01:54]} 73. Bc1 {[%clk 0:01:22]} Re7 {[%clk 0:02:15]} 74. Bd2
{[%clk 0:01:26]} Re8 {[%clk 0:02:32]} 75. Rg1 {[%clk 0:01:33]} Kf5
{[%clk 0:02:54]} 76. Rh1 {[%clk 0:01:39]} Kg6 {[%clk 0:03:20]} 77. Rg1
{[%clk 0:01:52]} Kf5 {[%clk 0:03:47]} 78

[Event "FIDE World Youth U16 Chess Olympiad SLOVAKIA 2016"]
[Site "Poprad Tatry SLOVAKIA"]
[Date "2016.07.25"]
[Round "5"]
[Board "2"]
[White "Ip, Seng Tou"]
[Black "Lahdelma, Henri"]
[Result "1/2-1/2"]
[WhiteElo "1564"]
[BlackElo "1864"]
[PlyCount "0"]
[EventDate "2016.07.22"]
[EventType "team"]
[EventRounds "9"]
[EventCountry "SVK"]
[WhiteTeam "Macau"]
[BlackTeam "Finland"]

1. e4 {[%clk 1:30:58]} e6 {[%clk 1:30:54]} 2. d4 {[%clk 1:31:23]} d5
{[%clk 1:31:21]} 3. exd5 {[%clk 1:31:48]} exd5 {[%clk 1:31:47]} 4. Nf3
{[%clk 1:32:13]} Nf6 {[%clk 1:32:09]} 5. Bd3 {[%clk 1:32:24]} Bd6
{[%clk 1:32:34]} 6. O-O {[%clk 1:32:48]} O-O {[%clk 1:33:01]} 7. Re1
{[%clk 1:32:32]} Re8 {[%clk 1:32:36]} 8. Bg5 {[%clk 1:32:12]} Be6
{[%clk 1:31:13]} 9. c3 {[%clk 1:30:04]} h6 {[%clk 1:30:24]} 10. Bh4
{[%clk 1:29:52]} c6 {[%clk 1:29:37]} 11. Nbd2 {[%clk 1:29:33]} Nbd7
{[%clk 1:29:40]} 12. Nf1 {[%clk 1:26:25]} Qc7 {[%clk 1:27:30]} 13. Bg3
{[%clk 1:24:04]} Bg4 {[%clk 1:22:48]} 14. Rxe8+ {[%clk 1:19:58]} Rxe8
{[%clk 1:23:13]} 15. Bxd6 {[%clk 1:18:55]} Qxd6 {[%clk 1:23:38]} 16. h3
{[%clk 1:17:33]} Be6 {[%clk 1:22:16]} 17. Ng3 {[%clk 1:16:54]} b6
{[%clk 1:19:48]} 18. Rc1 {[%clk 1:12:07]} c5 {[%clk 1:17:23]} 19. Qd2
{[%clk 1:08:55]} Ne4 {[%clk 1:04:40]} 20. Bxe4 {[%clk 1:04:11]} dxe4
{[%clk 1:03:52]} 21. dxc5 {[%clk 0:51:11]} Qxd2 {[%clk 1:03:00]} 22. Nxd2
{[%clk 0:51:35]} Nxc5 {[%clk 1:03:24]} 23. Ndxe4 {[%clk 0:48:18]} Nxe4
{[%clk 0:54:16]} 24. Nxe4 {[%clk 0:48:43]} Bxa2 {[%clk 0:54:42]} 25. Ra1
{[%clk 0:44:49]} Rxe4 {[%clk 0:52:52]} 26. Rxa2 {[%clk 0:45:14]} Re1+
{[%clk 0:51:58]} 27. Kh2 {[%clk 0:45:37]} a5 {[%clk 0:47:59]} 28. Ra3
{[%clk 0:42:13]} Rb1 {[%clk 0:42:11]} 29. Rb3 {[%clk 0:39:38]} a4
{[%clk 0:42:37]} 30. Rb4 {[%clk 0:37:51]} Kf8 {[%clk 0:36:13]} 31. Kg3
{[%clk 0:33:12]} Ke7 {[%clk 0:32:54]} 32. Rxa4 {[%clk 0:28:51]} Rxb2
{[%clk 0:33:15]} 33. Ra7+ {[%clk 0:28:56]} Ke6 {[%clk 0:33:21]} 34. Rc7
{[%clk 0:26:24]} Rd2 {[%clk 0:31:27]} 35. Rc6+ {[%clk 0:24:46]} Rd6
{[%clk 0:31:44]} 36. Rc7 {[%clk 0:24:29]} g6 {[%clk 0:30:25]} 37. c4
{[%clk 0:21:39]} Rd3+ {[%clk 0:26:28]} 1/2-1/2

[Event "FIDE World Youth U16 Chess Olympiad SLOVAKIA 2016"]
[Site "Poprad Tatry SLOVAKIA"]
[Date "2016.07.25"]
[Round "5"]
[Board "3"]
[White "Aalto, Patrik"]
[Black "Ip, Weng Tou"]
[Result "1-0"]
[WhiteElo "1745"]
[BlackElo "1490"]
[PlyCount "0"]
[EventDate "2016.07.22"]
[EventType "team"]
[EventRounds "9"]
[EventCountry "SVK"]
[WhiteTeam "Finland"]
[BlackTeam "Macau"]

1. e4 {[%clk 1:30:55]} e5 {[%clk 1:30:50]} 2. Nf3 {[%clk 1:31:15]} Nc6
{[%clk 1:31:10]} 3. Bc4 {[%clk 1:31:26]} Bc5 {[%clk 1:31:32]} 4. c3
{[%clk 1:31:38]} Nf6 {[%clk 1:31:54]} 5. d4 {[%clk 1:30:35]} exd4
{[%clk 1:32:19]} 6. cxd4 {[%clk 1:30:57]} Bb4+ {[%clk 1:32:43]} 7. Nbd2
{[%clk 1:31:06]} Nxe4 {[%clk 1:27:31]} 8. O-O {[%clk 1:30:24]} Nxd2
{[%clk 1:26:22]} 9. Bxd2 {[%clk 1:30:04]} Bxd2 {[%clk 1:25:50]} 10. Qxd2
{[%clk 1:30:10]} O-O {[%clk 1:23:56]} 11. d5 {[%clk 1:22:54]} Ne7
{[%clk 1:23:42]} 12. d6 {[%clk 1:03:27]} Nc6 {[%clk 1:20:20]} 13. Rfe1
{[%clk 0:55:07]} b6 {[%clk 1:06:07]} 14. Qf4 {[%clk 0:48:41]} Qf6
{[%clk 0:58:16]} 15. Qxf6 {[%clk 0:45:45]} gxf6 {[%clk 0:58:39]} 16. dxc7
{[%clk 0:45:40]} a6 {[%clk 0:58:41]} 17. Bd5 {[%clk 0:36:13]} Bb7
{[%clk 0:54:37]} 18. Nd4 {[%clk 0:20:17]} Rac8 {[%clk 0:50:35]} 19. Bxc6
{[%clk 0:18:11]} Bxc6 {[%clk 0:30:57]} 20. Nxc6 {[%clk 0:17:29]} dxc6
{[%clk 0:31:18]} 21. Re7 {[%clk 0:17:24]} Kg7 {[%clk 0:18:14]} 22. Rd1
{[%clk 0:14:00]} Rfe8 {[%clk 0:07:21]} 23. Red7 {[%clk 0:11:24]} f5
{[%clk 0:05:59]} 24. Rd8 {[%clk 0:07:08]} Kf6 {[%clk 0:03:06]} 25. Kf1
{[%clk 0:06:45]} Kg7 {[%clk 0:01:28]} 26. Rxe8 {[%clk 0:06:52]} Rxe8
{[%clk 0:01:48]} 27. Rd8 1-0